000 00419nam a22001697a 4500
005 20180203114852.0
008 160427b xxu||||| |||| 00| 0 eng d
020 _a978-81-7515-618-0
041 _aeng
082 _b00378
_a004.21
100 _aAwad, Elias M.
_92011
245 _aSystem Analysis and Design
250 _a2nd ed.
260 _aNew Delhi
_bGalgotia Publ. Pvt. Ltd.
_c2010
300 _a524
942 _cBK
999 _c118
_d118